Ignorance /

Bibliographic Details
Main Author: Kundera, Milan
Other Authors: Asher, Linda
Format: Book
Language:English
French
Published: New York : HarperCollins Publishers, c2002.
Subjects:
Classic Catalogue: View this record in Classic Catalogue
LEADER 01355nam a2200325 a 4500
001 44608
003 BD-DhAAL
005 20250814204333.0
008 250814t2002 nyu 000 1 eng
010 |a  2002020734 
020 |a 9780571215515 
035 |a 12660887 
040 |a DLC  |c DLC  |d DLC  |d BD-DhAAL 
041 1 |a eng  |h fre 
050 0 0 |a PQ2671.U47  |b I3613 2002 
082 0 0 |a 891.86354  |2 21 
100 1 |a Kundera, Milan. 
240 1 0 |a Ignorance.  |l English 
245 1 0 |a Ignorance /  |c Milan Kundera ; translated from the French by Linda Asher. 
260 |a New York :  |b HarperCollins Publishers,  |c c2002. 
300 |a 195 pages ;  |c 22 cm 
541 |a Donated by Farhana Zahir, Assistant Professor, BRAC Business School, BRAC University  |e 44608 
650 |a Man-woman relationships  |v Fiction. 
650 |a Czech fiction  |y 21st century.  |9 59078 
655 |a Romance fiction.  |9 59079 
655 |a Love stories. 
700 1 |a Asher, Linda.  |9 5995 
942 |2 ddc  |c BK 
999 |c 47384  |d 47384 
952 |0 0  |1 0  |2 ddc  |4 0  |6 891_863540000000000_KUN  |7 0  |9 78022  |a BRACUL  |b BRACUL  |c NEW  |d 2025-08-14  |e Donated by Farhana Zahir, Assistant Professor, BRAC Business School, BRAC University  |l 4  |m 34  |o 891.86354 KUN  |p 3010044608  |q 2026-06-02  |r 2026-05-20  |s 2026-05-20  |t 1  |w 2025-08-14  |y BK  |x Donated by Farhana Zahir, Assistant Professor, BRAC Business School, BRAC University ; €8.99